000
00235nam a2200097Ia 4500
008
230508s1999 xx 000 0 und d
041
_a
eng
100
_a
ALAM SINGH
245
_a
MODERN GEOTECHNICAL ENGG.
260
_b
C.B.S. PUBLI.
_c
1999
999
_c
713074
_d
713074